| 000 | 00348nam a2200133Ia 4500 | ||
|---|---|---|---|
| 008 | 240624s9999 xx 000 0 und d | ||
| 041 | _aeng | ||
| 082 | _a823 BAN | ||
| 100 | _aBANKER ASHOK K | ||
| 245 | _aPRINCE OF AYODHYA BOOK ONE OF THE RAMAYA | ||
| 260 |
_c2005 _aNew Delhi _bPenguin Books |
||
| 300 | _axxvi, : 517 : p. : cm. ; 18 | ||
| 365 | _cRS | ||
| 999 |
_c3597 _d3597 |
||